| 000 | 01159nam a2200277Ia 4500 | ||
|---|---|---|---|
| 001 | 903-DIZ sc st (8786) | ||
| 003 | IT-MiSPE | ||
| 008 | 171229s9999||||xx |||||||||||||| ||und|| | ||
| 040 |
_aIT-MiSPE _cIT-MiSPE |
||
| 041 | _aITALIANO | ||
| 100 | _aAndré Bourguière | ||
| 240 | _aDictionnaire de sciences historiques | ||
| 245 | 0 | _aDizionario di scienze storiche | |
| 250 | _a1a ed. (v) | ||
| 260 |
_aCinisello B.mo _bEd. Paoline _c1992 |
||
| 300 |
_aXXIX, 873 p. _c22 cm |
||
| 490 |
_aDizionari EP _v15 |
||
| 500 | _aStoria - Dizionari | ||
| 501 | _aEdizioni San Paolo srl - Piazza Soncino, 5 - 20092 CINISELLO BALSAMO (MI) (non commercial uses only) ® Copyright 2018 | ||
| 520 | _aFranco Pierini (ed. it.) | ||
| 700 |
_aEdmondo Coccia _g(traduzione) |
||
| 700 | _aFranco Pierini | ||
| 942 | _cBK | ||
| 957 | _71 | ||
| 999 |
_a18823 _bNO _g Copie: 1 _c355559 _d355559 |
||